000 00530nmm a2200169Ia 4500
008 251105s9999||||xx |||||||||||||||||und||
020 _a9788492536733
041 _aspa
100 _aGarrido Pintado, Pablo
245 0 _aLos blogs como herramientas de comunicación en el mundo ferroviario
264 _a[Madrid, España] :
_bSeptem Ediciones,
_c2011
300 _a20 páginas
490 _aSeptem Universitas
650 _aTechnology and computing
856 _uhttps://public.digitaliapublishing.com/a/35550
942 _cCF
999 _c88926
_d88926